Statistics for Countries in Alphabetical Order with 1 more letter than the previous one: start with Afghanistan

Click here to take the quiz!

General Stats

  • This quiz has been taken 57 times
  • The average score is 5 of 17

Answer Stats

# letters Country % Correct
11Afghanistan
95%
5Chile
56%
4Chad
49%
7Denmark
41%
8Djibouti
39%
6Cyprus
37%
4Oman
37%
5Palau
34%
9East Timor
27%
6Panama
24%
11Netherlands
22%
10El Salvador
17%
7Romania
15%
10Tajikistan
10%
8Slovakia
7%
9Swaziland
7%
11Vatican City
7%

Score Distribution

Percentile by Number Answered

Percent of People with Each Score

Your Score History

You have not taken this quiz